000 00705nam a2200277 a 4500
001 0017355
003 DO-SdBNP
005 20180213134702.0
007 0017355
008 100323s1992 dr a 000 spa d
040 _aBNPHU
_bspa
_cBNPHU
049 _a BPMSU
092 _aCo863.2
_bI73m, 1992
100 1 _aIsaacs, Jorge,
_d1837-1895
245 1 0 _aMarĂ­a /
_cJorge Isaacs
250 _a4a. ed.
260 _aSanto Domingo:
_bAlfa & Omega
_c1992
300 _a 159 p. :
_b
_c17 cm.
650 4 _aNOVELA COLOMBIANA
650 4 _aLITERATURA COLOMBIANA
700 1 _a
_e
910 _a
942 _2ddc
_cBK
945 _aInventariado, 2018/ YL
956 _aVMATEO
_b10
_c20160328
_lBPMSU
_h0069
999 _c9384
_d9384